The nude stars Over 50 famous people in photos never before seen

Đã lưu trong:
Chi tiết về thư mục
Định dạng: Sách
Ngôn ngữ:Tiếng Anh
Các nhãn: Thêm thẻ
Không có thẻ, Là người đầu tiên thẻ bản ghi này!

MARC

LEADER 00000nam a2200000 4500
005 20241106201504.0
008 241106b |||||||| |||| 00| 0 eng d
040 |c GP 
245 |a The nude stars  |b Over 50 famous people in photos never before seen 
942 |2 ddc  |c BK  |n 0 
952 |0 0  |1 0  |2 ddc  |4 0  |6 770_000000000000000_THE  |7 1  |9 2183  |a RM  |b RM  |d 2024-11-06  |l 0  |o 770 THE  |p 684  |r 2024-11-06 20:15:19  |w 2024-11-06  |y BK 
999 |c 1923  |d 1923